Advanced mathematics and mechanics applications using MATLAB / (رقم التسجيلة. 17511)

تفاصيل مارك
000 -الفاتح
حقل البيانات ثابتة الطول 01198cam a2200313 a 4500
001 - رقم الضبط
رقم الضبط 12766177
003 - محدد رقم الضبط
رقم الضبط OSt
005 - وقت وتاريخ اخر تعامل مع التسجيلة
رقم الضبط 20150408113939.0
008 - عناصر البيانات ثابتة الطول - معلومات عامة
حقل البيانات ثابتة الطول 020507s2003 flua b 001 0 eng
010 ## - رقم ضبط مكتبة الكونجرس
رقم ضبط مكتبة الكونجرس 2002071267
020 ## - الرقم الدولى المعيارى للكتب
الرقم الدولى المعيارى للكتاب 158488262X
040 ## - مصدر الفهرسة
وكالة الفهرسة الأصلية DLC
وكالة النسخ DLC
وكالة التعديل DLC
050 00 - رقم طلب مكتبة الكونجرس
رقم التصنيف TA345
رقم المادة .W55 2003
082 00 - رقم تصنيف ديوى العشرى
رقم التصنيف 620.00151
رقم الطبعة 21
100 1# - المدخل الرئيسى - إسم شخصى
الإسم الشخصى Wilson, H. B.
9 (RLIN) 5683
245 10 - بيان العنوان
العنوان Advanced mathematics and mechanics applications using MATLAB /
بيان المسئوليه,etc Howard B. Wilson, Louis H. Turcotte, David Halpern.
250 ## - بيان الطبعة
بيان الطبعة 3rd ed.
260 ## - PUBLICATION, DISTRIBUTION, ETC. (IMPRINT)
مكان الناشر او الموزع Boca Raton :
اسم الناشر او الموزع Chapman & Hall/CRC,
تاريخ النشر أو التوزيع c2003.
300 ## - الوصف المادى
التعداد xiii, 678 p. :
تفاصيل ماديه اخرى للوعاء ill. ;
أبعاد الوعاء 25 cm.
504 ## - تبصرة ببليوجرافية
تبصرة ببليوجرافية,الخ Includes bibliographical references (p. 655-662) and index.
630 00 - المدخل الاضافى بالموضوع - عنوان موحد
عنوان موحد MATLAB.
9 (RLIN) 4913
650 #0 - المدخل الاضافى بالموضوع-مصطلح موضوعى
مصطلح موضوعي أو اسم جغرافي كعنصر مدخل Engineering mathematics
التقسيم الفرعي العام Data processing.
9 (RLIN) 5684
650 #0 - المدخل الاضافى بالموضوع-مصطلح موضوعى
مصطلح موضوعي أو اسم جغرافي كعنصر مدخل Mechanics, Applied
التقسيم الفرعي العام Data processing.
9 (RLIN) 5685
700 1# - المدخل الاضافى - اسم شخصى
الإسم الشخصى Turcotte, Louis H.
9 (RLIN) 5686
700 1# - المدخل الاضافى - اسم شخصى
الإسم الشخصى Halpern, David.
9 (RLIN) 5687
856 42 - الوصول و الموقع الالكترونى
مواد محددة Publisher description
معرف المصدر الموحد <a href="http://www.loc.gov/catdir/enhancements/fy0646/2002071267-d.html">http://www.loc.gov/catdir/enhancements/fy0646/2002071267-d.html</a>
942 ## - عناصر المدخل الإضافي( كوها)
مصدر التصنيف او مخطط الترفيف Dewey Decimal Classification
Koha [default] item type كتاب
المقتنيات
حالة الفقد نموذج السعر الفعال حالة تلف ليس للاعارة رقم الطلب تاريخ الاكتساب الموقع الحالي الباركود الفرع الرئيسي Total Renewals Date last checked out Date last seen نوع المادة فى نظام كوها مصدر التصنيف او خطة الترفيف Total Checkouts
  2013-03-10     620.00151 W H A 2011-10-26 المكتبة المركزية بالمجمعة (CL) 00049356 المكتبة المركزية بالمجمعة (CL) 1 2013-12-16 2014-06-12 كتاب Dewey Decimal Classification 1
  2013-03-10     620.00151 W H A 2011-10-26 المكتبة المركزية بالمجمعة (CL) 00049355 المكتبة المركزية بالمجمعة (CL)     2013-03-10 كتاب Dewey Decimal Classification  
  2013-03-10     620.00151 W H A 2011-10-26 المكتبة المركزية بالمجمعة (CL) 00049354 المكتبة المركزية بالمجمعة (CL)     2013-03-10 كتاب Dewey Decimal Classification